000 00530nam a2200217Ia 4500
003 OSt
005 20220928141657.0
006 a|||||r|||| 00| 0
007 ta
008 220927b |||||||| |||| 00| 0 eng d
024 _a16652
037 _cTheseses
040 _aSDCL
_cSDCL
_beng
041 _2eng
_aeng
082 _aWx, N1
100 _aQuraishi Zaheer M
_9501443
245 0 _aStudies in political science
260 _c1991
942 _hWx, N1
_cDIS
_2CC
999 _c818994
_d818994